000
00512nam a2200181Ia 4500
008
090123s9999 xx 000 0 und d
082
_b
34149
100
_a
सुळे कल्पना
245
_a
या वळणावर
250
_a
0
260
_b
शारदा प्रकाशन
300
_a
32
600
_a
सुळे कल्पना
630
_a
या वळणावर
700
_a
सुळे कल्पना
730
_a
या वळणावर
942
_c
BOOK
999
_c
72191
_d
72191